[Event "CHN-chT Torch Real Estate Cup"]
[Site "Wuxi"]
[Date "2005.05.11"]
[Round "10"]
[White "Li, Bo"]
[Black "Wu, Shaobin"]
[Result "1/2-1/2"]
[WhiteElo "2319"]
[BlackElo "2513"]
[PlyCount "190"]
[EventDate "2005.05.08"]
[EventType "team-tourn"]
[EventRounds "13"]
[EventCountry "CHN"]
[SourceTitle "CBM 106 Extra"]
[Source "ChessBase"]
[SourceDate "2005.07.01"]
[SourceVersion "1"]
[SourceVersionDate "2005.07.01"]
[SourceQuality "1"]

1. d4 Nf6 2. Nf3 e6 3. Bg5 c5 4. c3 Be7 5. e3 d5 6. Nbd2 Nbd7 7. Bd3 0-0 8. 0-0 Qc7 9. Rc1 b6 10. e4 dxe4 11. Nxe4 Bb7 12. dxc5 Nxc5 13. Bxf6 gxf6 14. Nxc5 Qxc5 15. Qe2 f5 16. Qe3 Qxe3 17. fxe3 Rfd8 18. Rcd1 Rd6 19. Nd4 Rad8 20. Bc2 h5 21. Rde1 Bf6 22. Nb3 Be5 23. Nd4 Kg7 24. Rf2 h4 25. Nf3 Bf6 26. e4 fxe4 27. Bxe4 Ba6 28. Bc2 Bb7 29. Be4 Ba6 30. Bc2 Rd5 31. Bb3 Rf5 32. Re4 Bb7 33. Rg4+ Kf8 34. Nd4 Rxf2 35. Kxf2 Ke7 36. Ke3 h3 37. g3 Rc8 38. Bc2 Rc5 39. Be4 Bxe4 40. Rxe4 Bg5+ 41. Kd3 Rd5 42. b4 a6 43. a4 Kf6 44. c4 Rd7 45. Kc3 Ke7 46. Nf3 Bf6+ 47. Kc2 a5 48. bxa5 bxa5 49. Ng1 Rb7 50. Nxh3 Rb2+ 51. Kd3 Rxh2 52. Nf4 Kd6 53. Ne2 e5 54. Re3 Bg7 55. g4 Bh6 56. c5+ Ke6 57. Re4 Rh3+ 58. Kc4 f6 59. Nd4+ Kd7 60. Nb3 Rg3 61. Nxa5 Bf4 62. Kd5 Rd3+ 63. Kc4 Rg3 64. c6+ Kc7 65. Kd5 Rd3+ 66. Ke6 Rd4 67. Kf5 Rxe4 68. Kxe4 Kd6 69. Kf5 Bg5 70. Nc4+ Kxc6 71. Nxe5+ Kc5 72. Nd7+ Kb4 73. Nxf6 Bh4 74. Ne4 Kxa4 75. Ng5 Kb5 76. Nf3 Bd8 77. Ke6 Kc5 78. Ne5 Bh4 79. Ng6 Bd8 80. Ne7 Ba5 81. g5 Bc3 82. Nd5 Bh8 83. Nf4 Kc4 84. Ng6 Bg7 85. Kf7 Bb2 86. Ne7 Kd4 87. Ng8 Ke4 88. Ke6 Kf4 89. g6 Kg5 90. Kf7 Ba1 91. Ne7 Bb2 92. Nc6 Ba1 93. Nd8 Bb2 94. Ne6+ Kf5 95. Ng7+ Kg5 1/2-1/2

[Event "Olympiad-36"]
[Site "Mallorca"]
[Date "2004.10.24"]
[Round "9"]
[White "Sammalvuo, Tapani"]
[Black "Wu, Shaobin"]
[Result "0-1"]
[WhiteElo "2438"]
[BlackElo "2504"]
[PlyCount "64"]
[EventDate "2004.10.15"]
[EventType "team-swiss"]
[EventRounds "14"]
[EventCountry "ESP"]
[SourceTitle "CBM 104"]
[Source "ChessBase"]
[SourceDate "2005.01.27"]
[SourceVersion "1"]
[SourceVersionDate "2005.01.27"]
[SourceQuality "1"]
[WhiteTeam "Finland"]
[BlackTeam "Singapore"]
[WhiteTeamCountry "FIN"]
[BlackTeamCountry "SIN"]

1. e4 c5 2. Nf3 d6 3. d4 cxd4 4. Nxd4 Nf6 5. Nc3 a6 6. Be3 e5 7. Nb3 Be6 8. f3 Be7 9. Qd2 0-0 10. 0-0-0 Nbd7 11. g4 Qc7 12. Kb1 Rfc8 13. g5 Nh5 14. Nd5 Bxd5 15. exd5 Nb6 16. Na5 Nf4 17. Bxf4 exf4 18. Bh3 Re8 19. Qxf4 Bf8 20. Qb4 g6 21. Rd3 Bg7 22. c4 Re2 23. Rb3 Bd4 24. Bf1 Nxd5 25. Qxb7 Re1+ 26. Kc2 Ne3+ 27. Rxe3 Qxb7 28. Nxb7 Bxe3 29. h4 Bf4 30. Na5 Rae8 31. Nb3 R8e3 32. Nd4 Be5 0-1

[Event "Olympiad-36"]
[Site "Mallorca"]
[Date "2004.10.18"]
[Round "4"]
[White "Wu, Shaobin"]
[Black "Belkhodja, Slim"]
[Result "1-0"]
[WhiteElo "2504"]
[BlackElo "2478"]
[PlyCount "160"]
[EventDate "2004.10.15"]
[EventType "team-swiss"]
[EventRounds "14"]
[EventCountry "ESP"]
[SourceTitle "CBM 104"]
[Source "ChessBase"]
[SourceDate "2005.01.27"]
[SourceVersion "1"]
[SourceVersionDate "2005.01.27"]
[SourceQuality "1"]
[WhiteTeam "Singapore"]
[BlackTeam "Tunisia"]
[WhiteTeamCountry "SIN"]
[BlackTeamCountry "TUN"]

1. d4 d6 2. Nf3 g6 3. g3 Bg7 4. Bg2 Nd7 5. c4 e5 6. e4 Ne7 7. Nc3 0-0 8. 0-0 exd4 9. Nxd4 Nc6 10. Nxc6 bxc6 11. Qc2 Rb8 12. b3 c5 13. Bb2 Ne5 14. h3 Nc6 15. Ne2 Nd4 16. Qd2 Nxe2+ 17. Qxe2 Bb7 18. Bxg7 Kxg7 19. Qb2+ Qf6 20. Qa3 a6 21. e5 Qxe5 22. Bxb7 Rxb7 23. Qxa6 Rb6 24. Qa5 Qf5 25. h4 Qf3 26. Rfe1 Ra8 27. Qd2 Qf6 28. Rac1 h5 29. Re4 Rba6 30. a4 Rb6 31. Rf4 Qe6 32. Re1 Qd7 33. Qc3+ Kg8 34. Rfe4 Rf8 35. Re7 Qc8 36. R1e3 Rb7 37. Qf6 Qf5 38. Qxf5 gxf5 39. Rf3 Kg7 40. Rxf5 Kg6 41. Rf3 f6 42. Kf1 Rf7 43. Re6 Rb4 44. Rd3 Rf8 45. Ke2 Kf7 46. Ree3 Rd8 47. Rd5 Kg6 48. Rf3 c6 49. Rdf5 Rf8 50. R5f4 f5 51. Kd2 Rb7 52. Rd3 Rd8 53. Rff3 d5 54. Rfe3 Kf6 55. Kc2 Rg7 56. Re1 d4 57. Rf3 Rg4 58. Kb2 Rg7 59. Ka3 Rb7 60. Kb2 Rg7 61. Kc2 Rg4 62. Kd2 Rg7 63. Re4 Rf7 64. Kc2 Rb8 65. Re1 Rg7 66. Rd3 Rg4 67. f4 Rbg8 68. Re5 Rxg3 69. Rxg3 Rxg3 70. Rxc5 Rc3+ 71. Kb2 Rf3 72. Rxc6+ Ke7 73. a5 Rf2+ 74. Ka3 Rxf4 75. Rc5 Rxh4 76. Rxf5 Kd6 77. Rd5+ Kc6 78. Kb4 Kb7 79. Kb5 Rh3 80. b4 d3 1-0

[Event "SEA Games op 22nd"]
[Site "Ho Chi Minh City"]
[Date "2003.12.11"]
[Round "6"]
[White "Wu, Shaobin"]
[Black "Megaranto, Susanto"]
[Result "0-1"]
[WhiteElo "2528"]
[BlackElo "2437"]
[PlyCount "56"]
[EventDate "2003.12.08"]
[EventType "swiss"]
[EventRounds "9"]
[EventCountry "VIE"]
[SourceTitle "CBM 097 Extra"]
[Source "ChessBase"]
[SourceDate "2004.01.13"]
[SourceVersion "1"]
[SourceVersionDate "2004.01.13"]
[SourceQuality "1"]

1. d4 d5 2. c4 c6 3. Nc3 e6 4. e3 f5 5. Bd3 Nf6 6. Nge2 Bd6 7. Qc2 0-0 8. f3 Bd7 9. Bd2 Kh8 10. 0-0 Qe7 11. Kh1 dxc4 12. Bxc4 e5 13. Bd3 e4 14. fxe4 Bxh2 15. exf5 Bd6 16. Rf3 Ng4 17. Raf1 Nh2 18. Nf4 Bxf4 19. Rxf4 Nxf1 20. Rxf1 Na6 21. a3 c5 22. d5 c4 23. Be2 Nc5 24. e4 Rae8 25. Bf3 Nd3 26. Ne2 Qh4+ 27. Kg1 Rxe4 28. Bxe4 Qxe4 0-1

[Event "SEA Games op 22nd"]
[Site "Ho Chi Minh City"]
[Date "2003.12.10"]
[Round "5"]
[White "Lim, Yee Weng"]
[Black "Wu, Shaobin"]
[Result "1/2-1/2"]
[WhiteElo "2274"]
[BlackElo "2528"]
[PlyCount "67"]
[EventDate "2003.12.08"]
[EventType "swiss"]
[EventRounds "9"]
[EventCountry "VIE"]
[SourceTitle "CBM 097 Extra"]
[Source "ChessBase"]
[SourceDate "2004.01.13"]
[SourceVersion "1"]
[SourceVersionDate "2004.01.13"]
[SourceQuality "1"]

1. e4 c5 2. c3 Nf6 3. e5 Nd5 4. d4 cxd4 5. Nf3 e6 6. cxd4 d6 7. Bc4 Nb6 8. Bd3 Nc6 9. 0-0 dxe5 10. dxe5 Nb4 11. Be4 Qxd1 12. Rxd1 N4d5 13. Bd2 Be7 14. Nc3 0-0 15. Nxd5 exd5 16. Bd3 Bg4 17. Be3 Nc4 18. Bxc4 dxc4 19. Rd4 Be6 20. Ng5 Bxg5 21. Bxg5 Rfc8 22. Bd2 Rd8 23. Bc3 Rxd4 24. Bxd4 b6 25. Bc3 Rd8 26. Kf1 h5 27. Ke2 Bf5 28. Rd1 Bd3+ 29. Ke3 Kh7 30. h4 Kg6 31. Kf4 Re8 32. Re1 Re6 33. f3 Re7 34. a3 1/2-1/2